Public speaking for dummies

Bibliographic Details
Main Author: Kushner, Malcolm (Author)
Format: Book
Language:English
Published: Foster City, CA : IDG Books Worldwide 1999
Subjects:

MARC

LEADER 00000cam a2200000 7i4500
001 0000008412
005 20241003.0
008 010131 cau eng
020 |a 0764551590 (pbk) 
040 |a INS   |b eng   |e rda 
090 0 0 |a PN4121   |b .K98 1999 
100 1 |a Kushner, Malcolm ,   |e author 
245 1 0 |a Public speaking for dummies   |c Malcolm Kushner 
264 1 |a Foster City, CA :   |b IDG Books Worldwide   |c 1999 
300 |a xxiv, 382 pages ;   |c 24 cm. 
336 |a text  |2 rdacontent 
337 |a unmediated  |2 rdamedia 
338 |a volume  |2 rdacarrier 
500 |a Includes index 
650 0 |a Public speaking 
999 |a 0000008060   |b BOOK   |c Open Shelf   |e Default branch